000 00474nam a2200181Ia 4500
005 20250508160217.0
008 008 250505s9999 xx 000 0 eng d
037 _aBooks to be hide in OPAC
040 _aFEDL
_beng
_cFEDL
041 _aeng
_2eng
084 _a379.14, CAL/O
_qFEDL
245 0 _aEducation code Vol. 2
245 0 _cState of California
260 _c1961
300 _a2234p.
942 _cHB
_h379.14, CAL/O
999 _c1362690
_d1362690